Eevee evolutions pokemon - Statistics

General Stats
  • This quiz has been taken 37 times
  • The average score is 8 of 8
Answer Stats
Hints Answers % Correct
Dark Umbreon
100%
Fire Flareon
96%
Ice Glaceon
96%
Grass Leafeon
96%
Fairy Sylveon
96%
Water Vaporeon
96%
Electric Jolteon
93%
Psychic Espeon
89%
No matching quizzes found
Score Distribution
Percent of People with Each Score
Percentile by Number Answered
Your Score History
You have not taken this quiz